Psicología ambiental, calidad de vida y desarrollo sostenible (Registro nro. 5548)
[ vista simple ]
| 000 -CABECERA | |
|---|---|
| campo de control de longitud fija | 00701ata a2200241 4500 |
| 005 - FECHA Y HORA DE ACTUALIZACIÓN | |
| campo de control | 20160902111459.0 |
| 008 - LONGITUD FIJA | |
| campo de control de longitud fija | 150515b xxu||||| |||| 00| 0 spa d |
| 041 ## - IDIOMA | |
| Código de idioma del texto/pista de sonido o título separado | |
| 082 ## - CLASIFICACIÓN DECIMAL DEWEY | |
| Número de clasificación | 155.9 Z75p3 |
| 100 ## - AUTOR PERSONAL | |
| Nombre de persona | Zimmermann, Marcel |
| 245 ## - TÍTULO PROPIAMENTE DICHO | |
| Título | Psicología ambiental, calidad de vida y desarrollo sostenible |
| 250 ## - EDICIÓN | |
| Mención de edición | 3 edición |
| 260 ## - PIE DE IMPRENTA | |
| Lugar de publicación, distribución, etc. | Colombia |
| Nombre del editor, distribuidor, etc. | ECOE |
| Fecha de publicación, distribución, etc. | 2010 |
| 300 ## - DESCRIPCIÓN FÍSICA | |
| Extensión | 184 páginas |
| 650 ## - Materia General | |
| Materia general | PSICOLOGÍA AMBIENTAL |
| 650 ## - Materia General | |
| Materia general | MEDIO AMBIENTE |
| 650 ## - Materia General | |
| Materia general | ECOSISTEMAS |
| 650 ## - Materia General | |
| Materia general | ECOLOGÍA HUMANA |
| 650 ## - Materia General | |
| Materia general | ASPECTOS SOCIALES |
| 650 ## - Materia General | |
| Materia general | SANEAMIENTO AMBIENTAL |
| 650 ## - Materia General | |
| Materia general | CRECIMIENTO SOSTENIBLE |
| 942 ## - Punto de Acceso Adicional Koha | |
| Tipo de ítem Koha | Libro |
| Estado perdido | Estado dañado | No para préstamo | Biblioteca permanente | Biblioteca actual | Signatura completa | Código de barras | Precio efectivo a partir del | Tipo de ítem |
|---|---|---|---|---|---|---|---|---|
| Departamento de Biblioteca y Documentación Alfonso Chase Brenes | Departamento de Biblioteca y Documentación Alfonso Chase Brenes | 155.9 Z75p3 | 14716 | 02/09/2016 | Libro |